|
|
|
|
| LEADER |
00000nab a2200000 ar4500 |
| 001 |
vtls009305573 |
| 003 |
SK-MaSNL |
| 005 |
20260303054331.0 |
| 008 |
080620c2008 xo cr|p|||||||000 b|slo |
| 038 |
|
|
|a PPPK
|
| 040 |
|
|
|a PPPKCL
|b slo
|c PPPK
|e AACR2
|
| 041 |
0 |
|
|a slo
|
| 044 |
|
|
|a xo
|c SK
|
| 080 |
|
|
|a 352
|x (437.671)
|2 2001
|
| 245 |
0 |
0 |
|a Sťažnosti podané vlani sa týkali rôznych oblastí
|c [autor] (pml)
|
| 610 |
2 |
7 |
|a Poprad (Slovensko).
|b Mestský úrad.
|b Organizačný odbor
|2 pppkcl
|9 1047972
|
| 648 |
|
7 |
|a 2007
|2 pppkcl
|9 313226
|
| 650 |
0 |
7 |
|a sťažnosti
|2 pppkcl
|9 459150
|
| 650 |
0 |
7 |
|a petície
|2 pppkcl
|9 13945
|
| 651 |
|
7 |
|a Poprad (Slovensko)
|2 pppkcl
|9 20155
|
| 773 |
0 |
|
|t Poprad : noviny občanov mesta
|g Roč. XIX, č. 32 (2008), s. 2
|
| 852 |
|
|
|a PPPK
|b KIS3GCP
|
| 999 |
|
|
|c 1722873
|d 1724803
|